| 000 | 00711nam a22001937a 4500 | ||
|---|---|---|---|
| 003 | NALT | ||
| 005 | 20230123143554.0 | ||
| 008 | s2547 th tha d | ||
| 020 | _a9749237102 | ||
| 040 | _aNALT | ||
| 041 | _atha | ||
| 090 |
_aKS 36.5 _bต199พ 2547 |
||
| 245 | 0 | 0 | _aพระราชบัญญัติสัญญาซื้อขายล่วงหน้า พ.ศ. 2546. |
| 260 |
_aกรุงเทพฯ : _bบริษัท ตลาดอนุพันธ์ (ประเทศไทย) จำกัด (มหาชน), _c2547 |
||
| 300 |
_a87 หน้า ; _c21 ซม. |
||
| 653 | 4 | _aสัญญาซื้อขาย | |
| 850 | _aNALT | ||
| 942 |
_cLB _2lcc |
||
| 999 |
_c48894 _d48894 |
||
| 998 |
_j109 _k นางสาวอารีรัตน์ วิชาช่าง |
||